000 00905nam a22002897a 4500
001 5365
003 FISKH
005 20241128131820.0
008 241128b cb ||||| |||| 00| 0 eng d
020 _a9780545154451
040 _aFISKH
_beng
_cFISKH
_dFISKH
050 _aQ182.H377
082 _a507.8
100 _aHarris, Elizabeth Snoke
245 _aSave the Earth Science Experiments :
_bScience Fair Projects for Eco-Kids /
_cby Elizabeth Snoke Harris
250 _aFirst Scholastic printing, February 2009
260 _aNew York :
_bScholastic ;
_c2008.
300 _a112 pages :
_bcolor illustrations ;
_c26 cm .
505 _aX
520 _aMore than twenty "green" science fair projects.
521 8 _a890
_bLexile estimate
521 8 _aX
_bRaz-Plus
650 _aexperiments
_vNon-fiction
650 _aecology
_vNon-fiction
942 _2ddc
_cBK
_n0
999 _c5365
_d5365